| 000 | 00758nam a2200193 i 4500 | ||
|---|---|---|---|
| 001 | 79403 | ||
| 003 | ES-MaACL | ||
| 005 | 20250728063124.0 | ||
| 007 | t| | ||
| 008 | 041021q1932 sp f |||| | spa d | ||
| 100 | 1 |
_aHernández-Pacheco, Eduardo, _d1872-1965 _963012 |
|
| 245 | 1 | 4 |
_aLas costas de la Península hispánica y sus movimientos / _cpor Eduardo Hernández Pacheco. |
| 260 |
_aMadrid : _b[s.n., _c1932?] ( _fHuelves y Cía.) |
||
| 300 |
_a16 h., 7 lám. ; _c24 cm. |
||
| 500 | _aTirada aparte de la Asociación Española para el Progreso de las Ciencias, p. 89-120. | ||
| 650 | 4 |
_aCostas- _zEspaña. _9159339 |
|
| 852 |
_aES-MaACL _j1761-F-25 _z.- Donat. de Eduardo Hernández-Pacheco, en anotación manuscrita |
||
| 999 |
_c79403 _d79403 |
||